[Event "Bosnjaci op 27th"]
[Site "Bosnjaci"]
[Date "2023.01.05"]
[Round "4"]
[White "Dabic, Stjepan"]
[Black "Zadravec, Marin"]
[Result "1/2-1/2"]
[WhiteElo "2155"]
[BlackElo "1891"]
[PlyCount "69"]
[EventDate "2023.01.03"]
[EventType "swiss"]
[EventRounds "9"]
[EventCountry "CRO"]
[SourceTitle "CBM 212 Extra"]
[Source "ChessBase"]
[SourceDate "2023.03.31"]
[SourceVersion "1"]
[SourceVersionDate "2023.03.31"]
[SourceQuality "1"]

1. d4 d5 2. c4 e6 3. Nc3 h6 4. Nf3 Nf6 5. g3 Nc6 6. cxd5 exd5 7. Bg2 Bb4 8. 0-0 Bxc3 9. bxc3 0-0 10. Nd2 Be6 11. f3 Ne7 12. Ba3 Re8 13. e4 c6 14. e5 Nd7 15. Bxe7 Qxe7 16. f4 f5 17. Qb3 b5 18. a4 a6 19. Rfb1 Nb6 20. axb5 axb5 21. Qb4 Kf7 22. Nb3 Ra4 23. Qxe7+ Kxe7 24. Nc5 Rxa1 25. Rxa1 Ra8 26. Rxa8 Nxa8 27. Kf2 Bc8 28. Ke3 Nc7 29. Bf3 g6 30. Kd3 Ne6 31. Nxe6 Bxe6 32. Kc2 Kd7 33. Kb3 Kc7 34. Kb4 Kb6 35. Be2 1/2-1/2

[Event "CRO-chT1B 30th"]
[Site "Porec"]
[Date "2022.09.28"]
[Round "5.16"]
[White "Cubric, Andrija"]
[Black "Dabic, Stjepan"]
[Result "1/2-1/2"]
[WhiteElo "1830"]
[BlackElo "2096"]
[PlyCount "152"]
[EventDate "2022.09.24"]
[EventType "team-tourn"]
[EventRounds "9"]
[EventCountry "CRO"]
[SourceTitle "CBM 210 Extra"]
[Source "ChessBase"]
[SourceDate "2022.11.30"]
[SourceVersion "1"]
[SourceVersionDate "2022.11.30"]
[SourceQuality "1"]
[WhiteTeam "Rijeka Rijeka"]
[BlackTeam "Vinkovci"]
[WhiteTeamCountry "CRO"]
[BlackTeamCountry "CRO"]

1. e4 c5 2. Nf3 d6 3. d4 cxd4 4. Nxd4 Nf6 5. Nc3 g6 6. Be3 Bg7 7. f3 0-0 8. Qd2 Nc6 9. 0-0-0 d5 10. Kb1 Nxd4 11. e5 Nxf3 12. gxf3 Nh5 13. Nxd5 Be6 14. f4 Bxd5 15. Qxd5 Qxd5 16. Rxd5 Bh6 17. Be2 Bxf4 18. Bc5 b6 19. Bxe7 Rfe8 20. Rd7 Ng7 21. Bf3 Rac8 22. Re1 Nf5 23. Bf6 Ne3 24. Rxe3 Bxe3 25. Bd5 Rf8 26. e6 h6 27. exf7+ Kh7 28. Be7 a5 29. Bxf8 Rxf8 30. c4 g5 31. Kc2 g4 32. Re7 Bc5 33. Re2 h5 34. Rg2 Kg6 35. Kd3 Kf5 36. a3 h4 37. Re2 g3 38. hxg3 hxg3 39. Rg2 Kg4 40. Ke4 Bf2 41. b4 axb4 42. axb4 Kg5 43. Ke5 Kg6 44. Kd6 Rc8 45. Kd7 Rf8 46. Kd6 Kf6 47. Kd7 Rh8 48. c5 bxc5 49. bxc5 Bxc5 50. Rxg3 Rh5 51. Be6 Rh2 52. f8Q+ Bxf8 53. Rf3+ Ke5 54. Rxf8 Rd2+ 55. Ke7 Rb2 56. Rh8 Ke4 57. Rh4+ Ke5 58. Rh5+ Kd4 59. Rd5+ Ke4 60. Ra5 Rd2 61. Kf6 Rd8 62. Ra4+ Ke3 63. Ke5 Kd3 64. Rh4 Kc3 65. Rh3+ Rd3 66. Rh4 Rd8 67. Rc4+ Kd3 68. Rc1 Re8 69. Rh1 Kc3 70. Rh3+ Kd2 71. Kd5 Rd8+ 72. Kc5 Re8 73. Bc4 Rc8+ 74. Kd4 Rd8+ 75. Bd5 Re8 76. Ra3 Rc8 1/2-1/2

[Event "CRO-chT1B 30th"]
[Site "Porec"]
[Date "2022.09.25"]
[Round "2.46"]
[White "Dabic, Stjepan"]
[Black "Vlasic, Nenad"]
[Result "1-0"]
[WhiteElo "2096"]
[BlackElo "2106"]
[PlyCount "79"]
[EventDate "2022.09.24"]
[EventType "team-tourn"]
[EventRounds "9"]
[EventCountry "CRO"]
[SourceTitle "CBM 210 Extra"]
[Source "ChessBase"]
[SourceDate "2022.11.30"]
[SourceVersion "1"]
[SourceVersionDate "2022.11.30"]
[SourceQuality "1"]
[WhiteTeam "Vinkovci"]
[BlackTeam "Pozega"]
[WhiteTeamCountry "CRO"]
[BlackTeamCountry "CRO"]

1. d4 g6 2. c4 Bg7 3. e4 c5 4. d5 d6 5. Bd3 Nf6 6. Nc3 0-0 7. h3 Na6 8. Nf3 Nc7 9. 0-0 a6 10. a4 Rb8 11. a5 Nd7 12. Re1 b5 13. axb6 Rxb6 14. Qc2 e6 15. Bd2 exd5 16. exd5 Ne5 17. Nxe5 Bxe5 18. Na4 Rb8 19. Bc3 Bxc3 20. Nxc3 f5 21. Qd2 Qf6 22. Re2 Bd7 23. Rae1 Rfe8 24. Rxe8+ Rxe8 25. Rxe8+ Bxe8 26. Qe1 Kf7 27. Qa1 Qe7 28. Qa5 Qd8 29. Qb6 Ke7 30. Ne2 Bd7 31. Nf4 Qc8 32. Bf1 Ne8 33. Nd3 Nf6 34. f3 Be8 35. Kh2 Nd7 36. Qa5 Qb7 37. Qe1+ Kd8 38. Qh4+ Kc7 39. Qe7 Qc8 40. Nf4 1-0

[Event "CRO-chT1B 30th"]
[Site "Porec"]
[Date "2022.09.24"]
[Round "1.36"]
[White "Novosel, Lovro"]
[Black "Dabic, Stjepan"]
[Result "1-0"]
[WhiteElo "2274"]
[BlackElo "2096"]
[PlyCount "73"]
[EventDate "2022.09.24"]
[EventType "team-tourn"]
[EventRounds "9"]
[EventCountry "CRO"]
[SourceTitle "CBM 210 Extra"]
[Source "ChessBase"]
[SourceDate "2022.11.30"]
[SourceVersion "1"]
[SourceVersionDate "2022.11.30"]
[SourceQuality "1"]
[WhiteTeam "Sveta Nedelja"]
[BlackTeam "Vinkovci"]
[WhiteTeamCountry "CRO"]
[BlackTeamCountry "CRO"]

1. Nf3 Nf6 2. c4 g6 3. g3 Bg7 4. Bg2 0-0 5. 0-0 d6 6. Nc3 e5 7. b4 Nc6 8. b5 Ne7 9. Bb2 Nd7 10. e3 Nb6 11. Qe2 Be6 12. d3 c5 13. bxc6 Nxc6 14. Rab1 Rb8 15. Ba3 Re8 16. Rfc1 Bf8 17. Nd2 f5 18. Nd5 Bxd5 19. cxd5 Ne7 20. e4 Qd7 21. Qe3 f4 22. gxf4 Qa4 23. Bb2 Bh6 24. Qh3 Bxf4 25. Qe6+ Kh8 26. Qf6+ Kg8 27. Qe6+ Kh8 28. Qxd6 Ng8 29. Nf3 Nd7 30. Bh3 Ngf6 31. Bxd7 Nxd7 32. Rc7 Rbd8 33. Rxb7 Kg8 34. Kg2 h6 35. Bc1 Kg7 36. Bxf4 exf4 37. Ne5 1-0

[Event "CRO-ch U17/19"]
[Site "Split"]
[Date "2022.07.29"]
[Round "7"]
[White "Karlusic, Luka"]
[Black "Dabic, Stjepan"]
[Result "1-0"]
[WhiteElo "2089"]
[BlackElo "2178"]
[PlyCount "61"]
[EventDate "2022.07.25"]
[EventType "swiss"]
[EventRounds "9"]
[EventCountry "CRO"]
[SourceTitle "EXT 2023"]
[Source "ChessBase"]
[SourceDate "2022.10.05"]
[SourceVersion "1"]
[SourceVersionDate "2022.10.05"]
[SourceQuality "1"]

1. d4 Nf6 2. c4 g6 3. Nc3 Bg7 4. e4 d6 5. h3 Nbd7 6. Be3 e5 7. d5 Nc5 8. Qc2 a5 9. Nge2 h5 10. f3 b6 11. Rb1 Bd7 12. b3 h4 13. Bg5 Qc8 14. Nc1 Rh5 15. Bd2 Ng8 16. Nd3 f5 17. Nxc5 bxc5 18. f4 Ne7 19. Be2 Rh8 20. 0-0 fxe4 21. Nxe4 Nf5 22. Ng5 Kf8 23. fxe5 Bxe5 24. Bd3 Bd4+ 25. Kh2 Kg7 26. Rbe1 Rf8 27. Ne6+ Bxe6 28. Rxe6 Be5+ 29. Bf4 Bd4 30. Bxf5 Rxf5 31. Bh6+ 1-0

[Event "Bosnjaci op 26th"]
[Site "Bosnjaci"]
[Date "2022.01.04"]
[Round "2"]
[White "Dabic, Stjepan"]
[Black "Grubisic, Ivica"]
[Result "1-0"]
[WhiteElo "2161"]
[BlackElo "1929"]
[PlyCount "49"]
[EventDate "2022.01.03"]
[EventType "swiss"]
[EventRounds "9"]
[EventCountry "CRO"]
[SourceTitle "EXT 2023"]
[Source "ChessBase"]
[SourceDate "2022.10.05"]
[SourceVersion "1"]
[SourceVersionDate "2022.10.05"]
[SourceQuality "1"]

1. d4 Nf6 2. c4 g6 3. Nc3 d5 4. Nf3 Bg7 5. h4 0-0 6. Bg5 c6 7. e3 Bg4 8. Be2 h6 9. Bxf6 Bxf6 10. cxd5 cxd5 11. Qb3 e6 12. Nd2 Bxe2 13. Kxe2 b6 14. f4 Nd7 15. Nf3 Bg7 16. g4 Nf6 17. Rag1 Ne4 18. Nxe4 dxe4 19. Nd2 Qd5 20. g5 h5 21. Qxd5 exd5 22. Rc1 Rac8 23. Nb1 Rfd8 24. Nc3 Bf8 25. Nxd5 1-0

[Event "Bosnjaci op 26th"]
[Site "Bosnjaci"]
[Date "2022.01.03"]
[Round "1"]
[White "Simrak, Tomislav"]
[Black "Dabic, Stjepan"]
[Result "0-1"]
[WhiteElo "1745"]
[BlackElo "2161"]
[PlyCount "102"]
[EventDate "2022.01.03"]
[EventType "swiss"]
[EventRounds "9"]
[EventCountry "CRO"]
[SourceTitle "EXT 2023"]
[Source "ChessBase"]
[SourceDate "2022.10.05"]
[SourceVersion "1"]
[SourceVersionDate "2022.10.05"]
[SourceQuality "1"]

1. d4 Nf6 2. Nf3 g6 3. c4 Bg7 4. Nc3 d6 5. Bg5 0-0 6. e3 Nbd7 7. Be2 b6 8. 0-0 Bb7 9. Qc2 c5 10. Rad1 a6 11. h3 Qc7 12. d5 Rad8 13. Nh2 e5 14. Ng4 Rde8 15. Nh6+ Kh8 16. e4 Ng8 17. Nxg8 Kxg8 18. g4 Bc8 19. Rd3 h6 20. Bh4 Nf6 21. Qd2 Nh7 22. Kh2 Bd7 23. Rf3 Rb8 24. a4 g5 25. Bg3 Rfe8 26. b3 Nf8 27. Nd1 Ng6 28. Ne3 Nf4 29. Nf5 b5 30. axb5 axb5 31. Rc3 b4 32. Rcc1 Bxf5 33. gxf5 Ra8 34. Ra1 Ra3 35. Rfb1 Rea8 36. Rxa3 Rxa3 37. Bd1 Qa5 38. Rb2 Ra1 39. Bf3 Qa3 40. Be2 h5 41. h4 g4 42. f3 gxf3 43. Bxf3 Bh6 44. Bg2 Kh7 45. Qc2 f6 46. Bxf4 Bxf4+ 47. Kh3 Rc1 48. Qe2 Kh6 49. Bf3 Qa1 50. Qg2 Rg1 51. Ra2 Rxg2 0-1

[Event "CRO-chT1B 29th"]
[Site "Mali Losinj"]
[Date "2021.09.27"]
[Round "4.1"]
[White "Dabic, Stjepan"]
[Black "Makovec, Bruno"]
[Result "1/2-1/2"]
[WhiteElo "2161"]
[BlackElo "2231"]
[PlyCount "111"]
[EventDate "2021.09.25"]
[EventType "team-tourn"]
[EventRounds "11"]
[EventCountry "CRO"]
[SourceTitle "CBM 204 Extra"]
[Source "ChessBase"]
[SourceDate "2021.11.30"]
[SourceVersion "1"]
[SourceVersionDate "2021.11.30"]
[SourceQuality "1"]
[WhiteTeam "Vinkovci"]
[BlackTeam "Mihovljan Sloboda"]
[WhiteTeamCountry "CRO"]
[BlackTeamCountry "CRO"]

1. d4 Nf6 2. c4 e6 3. Nc3 Bb4 4. e3 0-0 5. Nf3 c5 6. Bd3 d5 7. cxd5 cxd4 8. Nxd4 e5 9. Nde2 Nxd5 10. Qc2 h6 11. Bd2 Nc6 12. a3 Nxc3 13. Bxc3 Bxc3+ 14. Nxc3 Be6 15. 0-0 Rc8 16. Qe2 Qe7 17. Rfd1 Rfd8 18. Be4 Qc5 19. Rxd8+ Rxd8 20. Rd1 Kf8 21. Bxc6 Rxd1+ 22. Qxd1 Qxc6 23. Qd8+ Qe8 24. Qd6+ Kg8 25. Qxe5 b6 26. Qc7 Qd7 27. Qxd7 Bxd7 28. e4 Kf8 29. f4 Ke7 30. Kf2 Kd6 31. Ke3 Kc5 32. Kd3 a5 33. f5 b5 34. g4 b4 35. axb4+ Kxb4 36. e5 Kb3 37. Nd1 h5 38. h3 hxg4 39. hxg4 g6 40. e6 fxe6 41. fxg6 e5 42. g7 Be6 43. g5 e4+ 44. Kd4 Kc2 45. Ne3+ Kb3 46. Kc5 Kxb2 47. Kd6 Bg8 48. Ke7 Kc3 49. Kf8 Bb3 50. Nf5 a4 51. Nd6 e3 52. Nf7 e2 53. g8Q e1Q 54. Qh8+ Kc2 55. Qh2+ Qd2 56. Qxd2+ 1/2-1/2

[Event "Solta op 4th"]
[Site "Grohote"]
[Date "2021.08.12"]
[Round "6"]
[White "Bukal, Vladimir Jr"]
[Black "Dabic, Stjepan"]
[Result "1-0"]
[WhiteElo "2373"]
[BlackElo "2158"]
[PlyCount "51"]
[EventDate "2021.08.08"]
[EventType "swiss"]
[EventRounds "9"]
[EventCountry "CRO"]
[SourceTitle "CBM 203 Extra"]
[Source "ChessBase"]
[SourceDate "2021.09.30"]
[SourceVersion "1"]
[SourceVersionDate "2021.09.30"]
[SourceQuality "1"]

1. d4 Nf6 2. Bf4 g6 3. Nc3 d5 4. e3 Bg7 5. h4 c6 6. Be2 Ne4 7. Nxe4 dxe4 8. Qd2 0-0 9. 0-0-0 a5 10. h5 Be6 11. hxg6 hxg6 12. Kb1 b5 13. f3 exf3 14. Bxf3 Na6 15. e4 Rb8 16. Ne2 Rc8 17. Qe1 f6 18. d5 cxd5 19. Nd4 Bd7 20. exd5 Nc5 21. Nc6 Bxc6 22. dxc6 Qb6 23. Be3 Rxc6 24. Bxc6 Qxc6 25. Qc3 Rc8 26. Bxc5 1-0

[Event "Solta op 4th"]
[Site "Grohote"]
[Date "2021.08.09"]
[Round "3"]
[White "Dabic, Stjepan"]
[Black "Mesar, Darko"]
[Result "1-0"]
[WhiteElo "2158"]
[BlackElo "1922"]
[PlyCount "75"]
[EventDate "2021.08.08"]
[EventType "swiss"]
[EventRounds "9"]
[EventCountry "CRO"]
[SourceTitle "CBM 203 Extra"]
[Source "ChessBase"]
[SourceDate "2021.09.30"]
[SourceVersion "1"]
[SourceVersionDate "2021.09.30"]
[SourceQuality "1"]

1. d4 Nf6 2. c4 g6 3. Nc3 Bg7 4. e4 d6 5. h3 0-0 6. Be3 e5 7. d5 a5 8. g4 Na6 9. f3 Nc5 10. Qd2 Bd7 11. 0-0-0 a4 12. Kb1 Rb8 13. h4 h5 14. g5 Ne8 15. Nh3 f5 16. gxf6 Bxf6 17. Rg1 Kh7 18. Ng5+ Bxg5 19. Bxg5 Nf6 20. Be2 Qe8 21. Rg3 Qf7 22. Rdg1 Be8 23. Bf1 Qg7 24. Be3 b6 25. Bh3 Qe7 26. Qg2 Rg8 27. Kc2 Ra8 28. Nb5 Rb8 29. Bxc5 bxc5 30. Bf5 Ng4 31. fxg4 gxf5 32. gxf5 Bf7 33. Rg7+ Kh8 34. Rg5 Kh7 35. Qf3 Kh6 36. f6 Qd7 37. Rg7 Rxg7 38. Qe3+ 1-0

[Event "CRO-ch U17"]
[Site "Split"]
[Date "2021.07.31"]
[Round "9"]
[White "Troselj, Ivan"]
[Black "Dabic, Stjepan"]
[Result "1/2-1/2"]
[WhiteElo "2030"]
[BlackElo "2153"]
[PlyCount "36"]
[EventDate "2021.07.25"]
[EventType "swiss"]
[EventRounds "9"]
[EventCountry "CRO"]
[SourceTitle "EXT 2022"]
[Source "ChessBase"]
[SourceDate "2021.10.06"]
[SourceVersion "1"]
[SourceVersionDate "2021.10.06"]
[SourceQuality "1"]

1. b4 d6 2. Bb2 Nd7 3. Nf3 Ngf6 4. c4 e5 5. e3 c6 6. Nc3 g6 7. Be2 Bg7 8. 0-0 0-0 9. Qb3 a5 10. a3 Qe7 11. d4 Rd8 12. c5 d5 13. dxe5 Nxe5 14. Nxe5 Qxe5 15. Na4 Qe7 16. Nb6 Ra7 17. Nxc8 Rxc8 18. Bd4 Nd7 1/2-1/2

[Event "CRO-ch U17"]
[Site "Split"]
[Date "2021.07.28"]
[Round "5"]
[White "Dabic, Stjepan"]
[Black "Novosel, Lovro"]
[Result "0-1"]
[WhiteElo "2153"]
[BlackElo "1996"]
[PlyCount "86"]
[EventDate "2021.07.25"]
[EventType "swiss"]
[EventRounds "9"]
[EventCountry "CRO"]
[SourceTitle "EXT 2022"]
[Source "ChessBase"]
[SourceDate "2021.10.06"]
[SourceVersion "1"]
[SourceVersionDate "2021.10.06"]
[SourceQuality "1"]

1. d4 Nf6 2. c4 e6 3. Nc3 d5 4. cxd5 exd5 5. Bg5 c6 6. e3 Be7 7. Bd3 0-0 8. Qc2 Nbd7 9. Nge2 Re8 10. 0-0 Nf8 11. f3 g6 12. Rad1 Ne6 13. Bh4 b5 14. Bf2 Bb7 15. h3 a6 16. Qb1 Qb6 17. Bc2 Rad8 18. Bb3 c5 19. dxc5 Bxc5 20. Nd4 Nxd4 21. exd4 Bf8 22. Rfe1 Bg7 23. Qd3 Qd6 24. g4 Nd7 25. Bc2 Nb6 26. b3 Rc8 27. Bb1 Nd7 28. Ne2 Nf8 29. Bg3 Qb4 30. Nf4 a5 31. Rxe8 Rxe8 32. a3 Qxa3 33. Qxb5 Re7 34. Nxd5 Bxd5 35. Qxd5 Rd7 36. Qc4 a4 37. Qxa4 Qb2 38. Bf2 Qe2 39. Rd3 Rc7 40. Kg2 Rc1 41. Re3 Qf1+ 42. Kg3 Rxb1 43. Qe8 Bxd4 0-1

[Event "CRO-ch U17"]
[Site "Split"]
[Date "2021.07.27"]
[Round "4"]
[White "Grgantov, Marin"]
[Black "Dabic, Stjepan"]
[Result "1/2-1/2"]
[WhiteElo "1936"]
[BlackElo "2153"]
[PlyCount "102"]
[EventDate "2021.07.25"]
[EventType "swiss"]
[EventRounds "9"]
[EventCountry "CRO"]
[SourceTitle "EXT 2022"]
[Source "ChessBase"]
[SourceDate "2021.10.06"]
[SourceVersion "1"]
[SourceVersionDate "2021.10.06"]
[SourceQuality "1"]

1. e4 c5 2. Nc3 d6 3. f4 g6 4. Nf3 Bg7 5. Bb5+ Bd7 6. Bc4 Nc6 7. d3 Na5 8. Bb3 Nxb3 9. axb3 e6 10. 0-0 Ne7 11. Be3 b6 12. d4 0-0 13. dxc5 dxc5 14. e5 Bc6 15. Qxd8 Rfxd8 16. Rad1 Nf5 17. Kf2 f6 18. exf6 Bxf6 19. Rxd8+ Rxd8 20. Rd1 Rxd1 21. Nxd1 Be4 22. Ne1 h5 23. Nc3 Bc6 24. Nf3 Kf7 25. g3 Bxf3 26. Kxf3 e5 27. Nb5 a5 28. c3 Nxe3 29. Kxe3 exf4+ 30. gxf4 g5 31. fxg5 Bxg5+ 32. Ke4 Ke6 33. Na3 Bd8 34. h3 Kf6 35. Nc4 Kg5 36. Kf3 Bc7 37. Na3 Kf5 38. Nb5 Bf4 39. Na3 Bc1 40. Nc4 b5 41. Nxa5 Bxb2 42. Nb7 Bxc3 43. Nd6+ Ke5 44. Nxb5 Bd2 45. Nc7 Bb4 46. Na6 Ba3 47. Nxc5 Bxc5 48. b4 Bxb4 49. Kg2 Kf4 50. h4 Kg4 51. Kh2 Kxh4 1/2-1/2

[Event "CRO-ch U17"]
[Site "Vinkovci"]
[Date "2020.08.04"]
[Round "9"]
[White "Dabic, Stjepan"]
[Black "Ljubicic, Mario"]
[Result "1-0"]
[WhiteElo "2120"]
[BlackElo "1966"]
[PlyCount "73"]
[EventDate "2020.07.28"]
[EventType "swiss"]
[EventRounds "9"]
[EventCountry "CRO"]
[SourceTitle "EXT 2021"]
[Source "ChessBase"]
[SourceDate "2020.10.23"]
[SourceVersion "1"]
[SourceVersionDate "2020.10.23"]
[SourceQuality "1"]

1. d4 Nf6 2. c4 g6 3. Nc3 Bg7 4. e4 d6 5. h3 0-0 6. Be3 e5 7. d5 Na6 8. g4 Nc5 9. f3 c6 10. Nge2 cxd5 11. cxd5 h5 12. Qd2 Nh7 13. 0-0-0 h4 14. Kb1 Bf6 15. Bg2 Bg5 16. f4 exf4 17. Nxf4 Re8 18. Rhf1 b6 19. Qf2 Qe7 20. Bd4 Ba6 21. Rfe1 Bxf4 22. Qxf4 Nd3 23. Qh6 Qf8 24. Qxh4 g5 25. Qg3 Nxe1 26. Rxe1 Qh6 27. Bf1 Bxf1 28. Rxf1 b5 29. Qd3 a6 30. Ne2 Rad8 31. Ng3 Qxh3 32. Rh1 Qxg4 33. e5 f5 34. Nxf5 Qf4 35. e6 Rc8 36. Nh6+ Kf8 37. Rf1 1-0

[Event "CRO-ch U17"]
[Site "Vinkovci"]
[Date "2020.08.01"]
[Round "7"]
[White "Dabic, Stjepan"]
[Black "Mrvac, Petar"]
[Result "1/2-1/2"]
[WhiteElo "2120"]
[BlackElo "1848"]
[PlyCount "169"]
[EventDate "2020.07.28"]
[EventType "swiss"]
[EventRounds "9"]
[EventCountry "CRO"]
[SourceTitle "EXT 2021"]
[Source "ChessBase"]
[SourceDate "2020.10.23"]
[SourceVersion "1"]
[SourceVersionDate "2020.10.23"]
[SourceQuality "1"]

1. d4 Nf6 2. c4 e6 3. Nc3 d5 4. cxd5 exd5 5. Bg5 Be7 6. e3 c6 7. Bd3 Ne4 8. Bxe7 Qxe7 9. Bxe4 dxe4 10. Nge2 0-0 11. d5 Rd8 12. Qb3 Na6 13. 0-0 Qb4 14. dxc6 bxc6 15. Qxb4 Nxb4 16. a3 Nd3 17. Nxe4 Ba6 18. Rfd1 Nxb2 19. Rxd8+ Rxd8 20. Nd4 Bb5 21. Nc3 a6 22. a4 c5 23. Ndxb5 axb5 24. axb5 Kf8 25. Rb1 Nc4 26. b6 Rb8 27. Nd5 Ke8 28. Nc7+ Kd7 29. Na6 Rxb6 30. Nxc5+ Ke7 31. Rxb6 Nxb6 32. e4 f6 33. h4 Kd6 34. Nd3 Nc4 35. f3 g6 36. g4 h6 37. Kf2 g5 38. h5 Ne5 39. Nb4 Ke6 40. Kg3 Nf7 41. Nd5 Nd6 42. Ne3 Ke5 43. Nf5 Nf7 44. Kf2 Kf4 45. Ng3 Nd6 46. Ne2+ Ke5 47. Ke3 Nf7 48. Ng3 Nd6 49. Nf5 Nf7 50. Ke2 Kf4 51. Ne3 Nd6 52. Nd5+ Ke5 53. Ne7 Ke6 54. Nf5 Nf7 55. Kf2 Ke5 56. Ke3 Ke6 57. f4 Kd7 58. fxg5 fxg5 59. Kd4 Ke6 60. e5 Nxe5 61. Nxh6 Nd7 62. Nf5 Nf6 63. Ne3 Ng8 64. Nc4 Nf6 65. Ne5 Ke7 66. h6 Kf8 67. Kc5 Kg8 68. Kd6 Kh7 69. Ke6 Ng8 70. Nf7 Nxh6 71. Nxh6 Kxh6 72. Kf7 Kh7 73. Kf6 Kh6 74. Kf5 Kh7 75. Kxg5 Kg7 76. Kf5 Kf7 77. g5 Kg7 78. g6 Kg8 79. Kg4 Kg7 80. Kg5 Kg8 81. Kh4 Kg7 82. Kh5 Kg8 83. Kh6 Kh8 84. g7+ Kg8 85. Kg6 1/2-1/2

[Event "CRO-ch U17"]
[Site "Vinkovci"]
[Date "2020.07.29"]
[Round "2"]
[White "Troselj, Ivan"]
[Black "Dabic, Stjepan"]
[Result "1-0"]
[WhiteElo "1857"]
[BlackElo "2120"]
[PlyCount "135"]
[EventDate "2020.07.28"]
[EventType "swiss"]
[EventRounds "9"]
[EventCountry "CRO"]
[SourceTitle "EXT 2021"]
[Source "ChessBase"]
[SourceDate "2020.10.23"]
[SourceVersion "1"]
[SourceVersionDate "2020.10.23"]
[SourceQuality "1"]

1. e4 c5 2. Nf3 d6 3. c3 Nf6 4. Bd3 Nc6 5. h3 d5 6. exd5 Qxd5 7. Bb5 Bd7 8. 0-0 0-0-0 9. d4 cxd4 10. Nxd4 Nxd4 11. Bxd7+ Rxd7 12. cxd4 e6 13. Be3 Kb8 14. Nc3 Qa5 15. Qb3 Nd5 16. Rac1 Bd6 17. Ne4 Qb6 18. Qa4 Rhd8 19. Rc2 f5 20. Nxd6 Qxd6 21. Bg5 Rf8 22. Bd2 f4 23. Re1 h5 24. Re4 g5 25. Rc5 g4 26. Bb4 Nxb4 27. Qxb4 gxh3 28. gxh3 Rg8+ 29. Kf1 f3 30. Qb3 Rf7 31. Qxe6 Qxe6 32. Rxe6 Rf4 33. Re3 h4 34. Rcc3 Rxd4 35. Rxf3 Rd2 36. Rb3 b6 37. Rfd3 Rc2 38. Rdc3 Rd2 39. Ke1 Rgd8 40. Rc4 R2d4 41. Rxd4 Rxd4 42. Rc3 b5 43. Ke2 b4 44. Rc1 a5 45. Ke3 Rd7 46. Rc5 Re7+ 47. Kd3 Rf7 48. Ke2 Re7+ 49. Kf1 Ra7 50. f4 Kb7 51. Ke2 Kb6 52. Rh5 Rg7 53. Kf2 Rc7 54. Ke3 a4 55. f5 Rc5 56. Rh6+ Kb5 57. f6 Rf5 58. Ke4 Rf2 59. Rh5+ Kc6 60. Rf5 Re2+ 61. Kf4 Re8 62. f7 Rf8 63. Ke5 b3 64. a3 Kc5 65. Ke6+ Kc4 66. Ke7 Rxf7+ 67. Kxf7 Kd3 68. Ke6 1-0

[Event "Bosnjaci op 25th"]
[Site "Bosnjaci"]
[Date "2020.01.07"]
[Round "7"]
[White "Zovko, Mario"]
[Black "Dabic, Stjepan"]
[Result "1/2-1/2"]
[WhiteElo "2330"]
[BlackElo "2066"]
[PlyCount "75"]
[EventDate "2020.01.03"]
[EventType "swiss"]
[EventRounds "9"]
[EventCountry "CRO"]
[SourceTitle "CBM 194 Extra"]
[Source "ChessBase"]
[SourceDate "2020.03.31"]
[SourceVersion "1"]
[SourceVersionDate "2020.03.31"]
[SourceQuality "1"]

1. d4 Nf6 2. Nc3 d5 3. Bf4 c5 4. e4 e6 5. Nb5 Na6 6. e5 Nd7 7. Nf3 Be7 8. a3 0-0 9. Bd3 c4 10. Be2 Qa5+ 11. Nc3 f6 12. Bg3 Nab8 13. 0-0 f5 14. Bh4 Bxh4 15. Nxh4 Nc6 16. Qd2 b5 17. f4 Qb6 18. Nf3 a6 19. Kh1 Ne7 20. Rad1 a5 21. Rg1 b4 22. Nb1 Ba6 23. c3 Rab8 24. Qe3 bxa3 25. bxa3 h6 26. Nh4 Kh7 27. g4 g6 28. Rg2 Rg8 29. gxf5 exf5 30. Nf3 Qe6 31. h4 Nf6 32. Nfd2 Ne4 33. Nxe4 fxe4 34. Bg4 Nf5 35. Qh3 Bc8 36. h5 gxh5 37. Qxh5 Ng3+ 38. Rxg3 1/2-1/2

[Event "EU-ch U16"]
[Site "Bratislava"]
[Date "2019.08.10"]
[Round "9"]
[White "Bettalli, Francesco"]
[Black "Dabic, Stjepan"]
[Result "1-0"]
[WhiteElo "2194"]
[BlackElo "2043"]
[PlyCount "73"]
[EventDate "2019.08.02"]
[EventType "swiss"]
[EventRounds "9"]
[EventCountry "SVK"]
[SourceTitle "CBM 191 Extra"]
[Source "ChessBase"]
[SourceDate "2019.09.30"]
[SourceVersion "1"]
[SourceVersionDate "2019.09.30"]
[SourceQuality "1"]

1. d4 Nf6 2. c4 g6 3. Nc3 Bg7 4. e4 d6 5. Bg5 0-0 6. f3 Nbd7 7. Nge2 e5 8. Qd2 h6 9. Be3 a6 10. Nc1 c6 11. Be2 h5 12. Nb3 Nh7 13. 0-0-0 Qe7 14. Kb1 b5 15. c5 exd4 16. Nxd4 Ne5 17. Nb3 dxc5 18. Bxc5 Qe8 19. Bxf8 Nxf8 20. Qd8 Be6 21. Qxe8 Rxe8 22. Nc5 a5 23. f4 Nc4 24. Nxe6 Nxe6 25. g3 Nc5 26. e5 f6 27. Bf3 Rc8 28. b3 Na3+ 29. Kc1 fxe5 30. Nb1 Nxb1 31. Kxb1 e4 32. Bg2 a4 33. b4 Nd3 34. Rd2 Re8 35. a3 c5 36. Re2 Kh7 37. Bxe4 1-0

[Event "CRO-ch U17/U19"]
[Site "Vinkovci"]
[Date "2019.07.28"]
[Round "9"]
[White "Dabic, Stjepan"]
[Black "Sos, Fran"]
[Result "1-0"]
[WhiteElo "2102"]
[BlackElo "1951"]
[PlyCount "123"]
[EventDate "2019.07.22"]
[EventType "swiss"]
[EventRounds "9"]
[EventCountry "CRO"]
[SourceTitle "EXT 2020"]
[Source "ChessBase"]
[SourceDate "2019.10.17"]
[SourceVersion "1"]
[SourceVersionDate "2019.10.17"]
[SourceQuality "1"]

1. d4 Nf6 2. c4 c5 3. d5 b5 4. Qc2 g6 5. e4 d6 6. Nc3 bxc4 7. Bxc4 Nbd7 8. Nf3 Bg7 9. 0-0 0-0 10. Re1 Ng4 11. Rb1 Nge5 12. Nxe5 Nxe5 13. Be2 c4 14. h3 Ba6 15. Qa4 Qc8 16. Bd2 Nd3 17. Bxd3 cxd3 18. Rec1 Qc4 19. Qa3 Bb7 20. b3 Qa6 21. Qxa6 Bxa6 22. a4 Rfc8 23. Na2 Bb7 24. Nb4 f5 25. exf5 gxf5 26. Nc6 Bf6 27. b4 e6 28. b5 exd5 29. Na5 Rab8 30. Rxc8+ Bxc8 31. Nc6 Rb7 32. Be3 d4 33. Bxd4 Bxd4 34. Nxd4 Rc7 35. Rd1 Rc4 36. Rxd3 Rxa4 37. Nc6 Bd7 38. Rxd6 Bxc6 39. bxc6 Rc4 40. Rd7 Rxc6 41. Rxa7 Rc1+ 42. Kh2 Rc5 43. Kg3 Rb5 44. f4 Rc5 45. Kh4 Rc6 46. g4 Rc5 47. Re7 Rc4 48. Kg5 fxg4 49. hxg4 Rc6 50. Kf5 Ra6 51. g5 Rb6 52. Re6 Rb8 53. Ke5 Rb5+ 54. Kf6 Rb8 55. f5 Ra8 56. g6 Rf8+ 57. Kg5 hxg6 58. Kxg6 Rb8 59. f6 Kf8 60. Ra6 Rc8 61. Ra7 Kg8 62. Rg7+ 1-0

[Event "CRO-ch U17/U19"]
[Site "Vinkovci"]
[Date "2019.07.25"]
[Round "6"]
[White "Jakrlin, Mihael"]
[Black "Dabic, Stjepan"]
[Result "1/2-1/2"]
[WhiteElo "1925"]
[BlackElo "2102"]
[PlyCount "56"]
[EventDate "2019.07.22"]
[EventType "swiss"]
[EventRounds "9"]
[EventCountry "CRO"]
[SourceTitle "EXT 2020"]
[Source "ChessBase"]
[SourceDate "2019.10.17"]
[SourceVersion "1"]
[SourceVersionDate "2019.10.17"]
[SourceQuality "1"]

1. Nf3 Nf6 2. g3 g6 3. b3 Bg7 4. Bb2 d6 5. d4 0-0 6. Bg2 Nbd7 7. Qc1 Re8 8. 0-0 Rb8 9. c4 c5 10. Nc3 b6 11. Rd1 Bb7 12. e3 a6 13. a4 Qc7 14. Ne1 Red8 15. Qc2 Bxg2 16. Kxg2 Qb7+ 17. Kg1 cxd4 18. Rxd4 Nc5 19. Rdd1 a5 20. Nd5 Nxd5 21. cxd5 Rdc8 22. Bxg7 Kxg7 23. Qb2+ f6 24. Nc2 b5 25. axb5 Qxb5 26. Nd4 Qb7 27. Nc6 Qxb3 28. Qxb3 Rxb3 1/2-1/2